| 000 | 01046nam a2200325Ia 4500 | ||
|---|---|---|---|
| 001 | dia_1008 | ||
| 003 | CHAP | ||
| 005 | 20230608140409.0 | ||
| 008 | 220117s1995 xx 000 0 und d | ||
| 010 | _a176651 | ||
| 020 | _a978-970-15-0127-6 \ 970-15-0127-6 | ||
| 040 | _cCHAP | ||
| 082 | _a621.31042 B73 1995 | ||
| 100 |
_aBratu Serbán, Neagu _9159258 |
||
| 245 |
_aInstalaciones eléctricas : conceptos básicos y diseño / _c Neagu Bratu Serbán y Eduardo Campero Littlewood |
||
| 250 | _a2a ed. | ||
| 260 |
_aMéxico : _b Alfaomega, _c1995 |
||
| 300 | _a240 p., [3] h. pleg. | ||
| 504 | _aBibliografía: p. 227 | ||
| 590 | _aTK3201 B73 1995 | ||
| 650 |
_aElectric lines _9159259 |
||
| 650 |
_aElectric wiring _9149731 |
||
| 650 |
_aInstalaciones eléctricas _958971 |
||
| 650 |
_aLíneas eléctricas _967486 |
||
| 700 |
_aCampero Littlewood, Eduardo, coaut. _9159260 |
||
| 901 | _a621.31042 B73 1995 | ||
| 902 | _aA | ||
| 905 | _a5232271995 mx aemn8222223322spa16 | ||
| 942 |
_cLIBRO _2ddc |
||
| 999 |
_c176651 _d176651 |
||